Normal view
MARC view
- Debt, Imprisonment for
Entry Topical Term
001 - CONTROL NUMBER
- control field: 98701
003 - CONTROL NUMBER IDENTIFIER
- control field: NUST
005 - DATE AND TIME OF LATEST TRANSACTION
- control field: 20220831093626.0
008 - FIXED-LENGTH DATA ELEMENTS
- fixed length control field: 220831|| aca||aabn | a|a d
040 ## - CATALOGING SOURCE
- Original cataloging agency: NUST
- Transcribing agency: NUST
150 ## - HEADING--TOPICAL TERM
- Topical term or geographic name entry element: Debt, Imprisonment for
- Form subdivision: Fiction
670 ## - SOURCE DATA FOUND
- Source citation: Work cat.: (NUST)174563: Dickens, Charles, 1812-1870. 12180, Little Dorrit /, 2004.
